| 000 | 00916nam a22002537a 4500 | ||
|---|---|---|---|
| 005 | 20100719121222.0 | ||
| 008 | 100719t xxu||||| |||| 00| 0 eng d | ||
| 010 | _aENG-96416 | ||
| 020 |
_a9788122007824 _c595.00 |
||
| 020 |
_a8122007821 _c595.00 |
||
| 035 | _aEN-79949 | ||
| 037 | _bDBAD / PUB | ||
| 040 |
_adpl _bEnglish |
||
| 100 | _aDutt, Vijay | ||
| 245 |
_aTimes by the Thames : _cby Vijay Dutt _ban Indian cruise / |
||
| 260 |
_aNew Delhi _bKonark Publishers _c2010 |
||
| 270 |
_a206, First Floor, Peacock Lane, Shahpur Jat _bNew Delhi _e110049 _k(011) 41055065,65254972 _mkonarkpublishers@hotmail.com |
||
| 300 |
_ax,246p. : _c24cm (Hb) _bcol. photos |
||
| 500 | _aIncludes index | ||
| 600 | _aSaxena, S.D. | ||
| 610 | _aBharat Sanchar Nigam Limited | ||
| 942 |
_2ddc _cEN _mDUT |
||
| 999 |
_c37065 _d37065 |
||